00818nam a22002053i 450000100060000000300080000600500170001400800410003103500190007204000270009104100080011808200240012624501740015026400430032430000230036733600210039065000110041188001390042288000510056181665BD-RjUL20230810125420.0230309s1970 pk ||| | ara d a(BD-RjUL)81665 aUkOxUbengerdacUkOxU aeng a297.12541bBUK 197000aمقدمة صحيح البخاري / Muqaddimat ṣaḥīḥ al-Bukhārī /cʻAbd al-Raḥmān al-Mīnawī ; ḥarrarahu Abū Saʻīd Kul Aḥmad Mīnawī. 1aBishāwar :bBris Bishāwar,c[1970] a562 pages ;c32 cm atext2rdacontent vHadith00aمقدمة صحيح البخاري /cعبد الرحمن المينوي ; حرره أبو سعيد كل أحمد المينوي. 1aبيشاور :bبريس بيشاور,c[1970]